Ashanti to Zulu : (Record no. 3271)

MARC details
000 -LEADER
fixed length control field 00978cam a2200301 i 4500
005 - DATE AND TIME OF LATEST TRANSACTION
control field 20240226140957.0
020 ## - INTERNATIONAL STANDARD BOOK NUMBER
International Standard Book Number 9780140546040
040 ## - CATALOGING SOURCE
Original cataloging agency DLC
Transcribing agency DLC
Modifying agency DLC
Language of cataloging eng
050 00 - LIBRARY OF CONGRESS CALL NUMBER
Classification number GN645.M87
082 00 - DEWEY DECIMAL CLASSIFICATION NUMBER
Classification number 960
100 1# - MAIN ENTRY--PERSONAL NAME
Personal name Musgrove, Margaret
245 10 - TITLE STATEMENT
Title Ashanti to Zulu :
Remainder of title African traditions /
Statement of responsibility, etc. by Musgrove, Margaret ; Pictures by Leo and Dillon, Diane
250 ## - EDITION STATEMENT
Edition statement First Pied Piper Printing 1980
260 ## - PUBLICATION, DISTRIBUTION, ETC.
Place of publication, distribution, etc. London :
Name of publisher, distributor, etc. Puffin Books ,
Date of publication, distribution, etc. 1976
300 ## - PHYSICAL DESCRIPTION
Extent 32 pages :
Other physical details color illustrations, map ;
Dimensions 28 cm
505 ## - FORMATTED CONTENTS NOTE
Formatted contents note Z <br/>
520 ## - SUMMARY, ETC.
Summary, etc. Explains some traditions and customs of 26 African tribes beginning with letters from A to Z.
521 ## - TARGET AUDIENCE NOTE
Target audience note 900 <br/>
Source Lexile <br/>
521 ## - TARGET AUDIENCE NOTE
Target audience note Z <br/>
Source Raz-Plus <br/>
650 #0 - SUBJECT ADDED ENTRY--TOPICAL TERM
Topical term or geographic name entry element Ethnology
Geographic subdivision Africa
General subdivision Juvenile literature.
650 #1 - SUBJECT ADDED ENTRY--TOPICAL TERM
Topical term or geographic name entry element Ethnology
Geographic subdivision Africa.
650 #1 - SUBJECT ADDED ENTRY--TOPICAL TERM
Topical term or geographic name entry element Alphabet.
700 1# - ADDED ENTRY--PERSONAL NAME
Personal name Dillon, Leo
700 1# - ADDED ENTRY--PERSONAL NAME
Personal name Dillon, Diane
906 ## - LOCAL DATA ELEMENT F, LDF (RLIN)
a 7
b cbc
c orignew
d 1
e ocip
f 19
g y-gencatlg
942 ## - ADDED ENTRY ELEMENTS (KOHA)
Source of classification or shelving scheme Dewey Decimal Classification
Koha item type Books
Suppress in OPAC No
999 ## -
-- 3271
-- 3271
Holdings
Withdrawn status Lost status Source of classification or shelving scheme Damaged status Not for loan Collection Home library Current library Shelving location Date acquired Total Checkouts Full call number Barcode Date last seen Price effective from Koha item type
    Dewey Decimal Classification     Juvenile Fiction Footprints International School Library Network Toul Kork Campus Footprints International School Library Network Toul Kork Campus TTP Secondary Fiction Bookshelves 02/22/2024   MUS 960 GN645.M87 FIS03632 02/22/2024 02/22/2024 Books